Tuyển tập văn học Cămpuchia

Guardado en:
Detalles Bibliográficos
Formato: Libro
Lenguaje:Undetermined
Publicado: Hà Nội Khoa học xã hội 2003
Materias:
Etiquetas: Agregar Etiqueta
Sin Etiquetas, Sea el primero en etiquetar este registro!
Thư viện lưu trữ: Trung tâm Học liệu Trường Đại học Cần Thơ
LEADER 00594nam a2200181Ia 4500
001 CTU_237074
008 210402s9999 xx 000 0 und d
082 |a 895.932 
082 |b T527 
088 |a 60220121 
245 0 |a Tuyển tập văn học Cămpuchia 
245 0 |c Vũ Tuyết Loan (Sưu tầm và biên soạn, giới thiệu) 
260 |a Hà Nội 
260 |b Khoa học xã hội 
260 |c 2003 
650 |a Folk literature Campuchea,Truyện dân gian Campuchia 
910 |a Tuyến 
980 |a Trung tâm Học liệu Trường Đại học Cần Thơ